Playable Characters in Fire Emblem: Thracia 776 - Statistics

General Stats
  • This quiz has been taken 184 times
  • The average score is 39 of 52
Answer Stats
Answer % Correct
Leif
98%
Nanna
97%
Finn
95%
Eyvel
94%
Olwen
94%
Osian
91%
Ced
88%
Mareeta
88%
Lifis
85%
Safy
85%
Tanya
85%
Dagdar
83%
Halvan
83%
Ronan
82%
Saias
82%
Asbel
79%
Galzus
79%
Karin
79%
Marty
79%
Shiva
79%
Alva
77%
Dean
77%
Fergus
77%
Salem
77%
Sara
77%
Homer
76%
Lara
76%
Cain
73%
Dalsin
73%
Eda
73%
Miranda
73%
Shannam
73%
Fred
71%
Perne
71%
Brighton
70%
Hicks
70%
Linoan
70%
Machyua
70%
Tina
70%
Xavier
70%
Carrion
68%
Robert
68%
Selfina
68%
Troude
67%
Amalda
65%
Ilios
65%
Conomor
64%
Misha
61%
Glade
58%
Ralf
58%
Sleuf
58%
Diarmuid
56%
No matching quizzes found
Score Distribution
Percent of People with Each Score
Percentile by Number Answered
Your Score History
You have not taken this quiz